000 00579nam a2200205Ia 4500
003 OSt
005 20220928144605.0
006 a|||||r|||| 00| 0
007 ta
008 220927b |||||||| |||| 00| 0 eng d
024 _a72301
037 _cTextual
040 _aSDCL
_cSDCL
_beng
041 _2eng
_aeng
082 _aW,8, N0
100 _aDandekar Christopher
_9508586
245 0 _aSurveillance, power and modernity
_b Bureaucacy and discipline from 1700 to the present day.
942 _hW,8, N0
_cTEXL
_2CC
999 _c828357
_d828357